Tretina zdrojov pre nových členov únie

Nové nariadenia o eurofondoch a Kohéznom fonde. Kohézna politika 2007 až 2013. Ciele štrukturálnej pomoci.

Na minha lista:
Detalhes bibliográficos
Autor principal: Kollárová, Zuzana
Formato: Capítulo de Livro
Idioma:eslovaco
Assuntos:
Tags: Adicionar Tag
Sem tags, seja o primeiro a adicionar uma tag!

MARC

LEADER 00000naa$a2200000$$$4500
001 0025718
005 20231004125416.4
041 0 |a slo 
044 |a SK 
245 1 0 |a Tretina zdrojov pre nových členov únie  |c Zuzana Kollárová 
520 |a Nové nariadenia o eurofondoch a Kohéznom fonde. Kohézna politika 2007 až 2013. Ciele štrukturálnej pomoci. 
610 2 0 |a Európska únia 
610 2 0 |a smernice 
610 2 0 |a fond kohézny 
610 2 0 |a fondy štruktúrne 
610 2 0 |a fond sociálny 
610 2 0 |a fond rozvoja 
610 2 0 |a spolupráca cezhraničná 
100 1 |a Kollárová, Zuzana